ՀՀ Գիտությունների ազգային ակադեմիայի հիմնարար գիտական գրադարան  =   Fundamental Scientific Library of NAS RA

Внутриполитическая борьба в странах Запада в годы первой мировой войны : (Record no. 278424)

MARC details
000 -LEADER
fixed length control field 00992nam a2200205 u 4500
001 - CONTROL NUMBER
control field 000753148
003 - CONTROL NUMBER IDENTIFIER
control field AM-YeHGA
005 - DATE AND TIME OF LATEST TRANSACTION
control field 20250617143623.0
008 - FIXED-LENGTH DATA ELEMENTS--GENERAL INFORMATION
fixed length control field 100727s1984 ||| r 000 0 rus d
040 ## - CATALOGING SOURCE
Original cataloging agency AM-YeHGA
041 0# - LANGUAGE CODE
Language code of text/sound track or separate title rus
090 ## - LOCALLY ASSIGNED LC-TYPE CALL NUMBER (OCLC); LOCAL CALL NUMBER (RLIN)
-- 280076
245 00 - TITLE STATEMENT
Title Внутриполитическая борьба в странах Запада в годы первой мировой войны :
Remainder of title Межвузовский сборник /
Statement of responsibility, etc. Куйбышев. гос. ун-т; [Редкол.: Б. Д. Козенко (отв. ред.) и др.].
260 ## - PUBLICATION, DISTRIBUTION, ETC.
Place of publication, distribution, etc. Куйбышев :
Name of publisher, distributor, etc. КГУ,
Date of publication, distribution, etc. 1984.
300 ## - PHYSICAL DESCRIPTION
Extent 169 с.
504 ## - BIBLIOGRAPHY, ETC. NOTE
Bibliography, etc. note Библиогр. в примеч. в конце ст.
653 0# - INDEX TERM--UNCONTROLLED
Uncontrolled term Политические партии капиталистических стран - История - 20 в.
700 1# - ADDED ENTRY--PERSONAL NAME
Personal name Козенко, Борис Дмитриевич
Relator term ред.
Relationship edt
710 2# - ADDED ENTRY--CORPORATE NAME
Corporate name or jurisdiction name as entry element Куйбышевский государственный университет
Holdings
Withdrawn status Lost status Damaged status Not for loan Collection Home library Current library Date acquired Cost, normal purchase price Total checkouts Full call number Barcode Date last seen Price effective from Koha item type Public note
        General Fundamental Scientific Library Fundamental Scientific Library 29/12/2016 7000.00   PII/531498 FL0169125 29/12/2016 29/12/2016 Գրքեր / Books 30 Days Loan


ՀՀ ԳԱԱ հիմնարար գիտական գրադարան
ՀՀ,Երևան 0019
Մարշալ Բաղրամյան 24/6
հեռախոս:(374-10) 52-47-50
Հետադարձ կապ

All site content, except where otherwise noted, is licensed under a
Creative Commons License